Introducción a la inferencia estadística / (Record no. 76226)

MARC details
000 -LEADER
campo de control de longitud fija 00597nam a2200181 i 4500
001 - NÚMERO DE CONTROL
campo de control 76226
003 - IDENTIFICADOR DE NÚMERO DE CONTROL
campo de control ES-MaACL
005 - FECHA Y HORA DE LA ÚLTIMA TRANSACCIÓN
campo de control 20230906172748.0
007 - CAMPO FIJO DE DESCRIPCIÓN FÍSICA--INFORMACIÓN GENERAL
campo de control de longitud fija t|
008 - DATOS DE LONGITUD FIJA--INFORMACIÓN GENERAL
campo de control de longitud fija 040929s1968 sp ||||1| spa d
100 1# - ENTRADA PRINCIPAL--NOMBRE DE PERSONA
Nombre de persona Guenther, William C.
9 (RLIN) 60448
245 10 - MENCIÓN DEL TÍTULO
Título Introducción a la inferencia estadística /
Mención de responsabilidad, etc. William C. Guenther ; traducción y adaptación, G. Gonzalvo Cavero, J.P. Vilaplana.
260 ## - PUBLICACIÓN, DISTRIBUCIÓN, ETC.
Lugar de publicación, distribución, etc. Madrid :
Nombre del editor, distribuidor, etc. Castillo,
Fecha de publicación, distribución, etc. [1968]
300 ## - DESCRIPCIÓN FÍSICA
Extensión 357 p. ;
Dimensiones 24 cm.
700 1# - ENTRADA AGREGADA--NOMBRE PERSONAL
Nombre de persona Gonzalvo Cavero, Gonzalo.
9 (RLIN) 59070
700 1# - ENTRADA AGREGADA--NOMBRE PERSONAL
Nombre de persona Vilaplana, J. P.
9 (RLIN) 114786
852 ## - LOCALIZACIÓN
Ubicación ES-MaACL
Número de control de estantería C-34926
Sublocalización o colección R.67568
Holdings
Estatus retirado Estado de pérdida Estado de daño No para préstamo Biblioteca de origen Biblioteca actual Ubicación en estantería Fecha de adquisición Fuente de adquisición Total de préstamos Signatura topográfica completa Código de barras Visto por última vez Precio de reemplazo Tipo de ítem Koha
        Biblioteca del Ateneo de Madrid Biblioteca del Ateneo de Madrid Depósito 2 17/01/2008     C-34926 1079776 23/02/2023 23/02/2023 Libro impreso